00539 2200217 4500001002100000005001500021008004100036020002200077035001900099041000700118082001000125090001600135100002000151700001500171700001600186700001700202245001800219260003200237300002300269650002900292INLIS00000000001688220241224115216241224||||||||| | ||| |||| || |  a978-602-7652-53-8 0010-1224016882 aid0 a741.5 a741.5 WAT w0 aHERLINA SITORUS0 aWati Yusuf0 aFita Riyadi0 aHera Hadiono00aWulan di bali aTanggerangbBuah Hatic2014 a32 halaman 21,5 cm 0aMenggambar,seni Dekirasi